| 000 -ლიდერი |
| ფიქსირებული სიგრძის საკონტროლო ველი |
01807nam a2200277Ia 4500 |
| 001 - საკონტროლო ნომერი |
| საკონტროლო ველი |
23624 |
| 003 - საკონტროლო ნომრის იდენტიფიკატორი |
| საკონტროლო ველი |
GE_BSU |
| 005 - ბოლო ოპერაციის თარიღი და დრო |
| საკონტროლო ველი |
20260227114252.0 |
| 008 - ფიქსირებული სიგრძის მონაცემთა ელემენტები - ზოგადი ინფორმაცია |
| ფიქსირებული სიგრძის საკონტროლო ველი |
181216s2008||||ge |||||||||||||| ||geo|| |
| 020 ## - წიგნის საერთაშორისო სტანდარტული ნომერი |
| International Standard Book Number |
9789941121692 |
| 040 ## - კატალოგიზაციის წყარო |
| Transcribing agency |
GE_BSU |
| 041 ## - ენის კოდი |
| Language code of text/sound track or separate title |
geo |
| 080 ## - უნივერსალური ათობითი კლასიფიკაციის ინდექსი |
| Universal Decimal Classification number |
94(479.22)(075.8) ს-32 |
| 245 ## - ცნობა სათაურის შესახებ |
| Title |
საქართველოს ისტორია [ტ1.] ძველესი დროიდან მე-18 ს.10-იან წლებამდე : |
| Remainder of title |
სახელმძღვანელო : 2 ტომად თსუ-ს სტუდენტებისათვის / |
| Statement of responsibility, etc |
ტომის რედ. ნოდარ შოშიაშვილი ; სარედ. კოლ. : ნათელა ვაჩნაძე, მარიამ ლორთქიფანიძე (მთ. რედ.), როინ მეტრეველი [და სხვ.] |
| 264 ## - წარმოების, გამოცემის, დისტრიბუციის და სხვა ცნობები |
| გამოცემის, წარმოების, დისტრიბუციის... ადგილი |
თბილისი : |
| გამოცემის, წარმოების, დისტრიბუციის... სახელწოდება |
უნივერსალი, |
| გამოცემის, წარმოების, დისტრიბუციის... თარიღი |
2008. |
| 300 ## - ფიზიკური აღწერა |
| Extent |
538 გვ. : |
| Other physical details |
ტაბ. ; |
| Dimensions |
23 სმ. |
| 300 ## - ფიზიკური აღწერა |
| Accompanying material |
ბიბლ. ტექსტების ბოლოს. |
| 500 ## - ზოგადი შენიშვნა |
| General note |
ქართ. ანბანი ძეგლების მიხედვით : გვ. 525-530 |
| 504 ## - BIBLIOGRAPHY, ETC. NOTE |
| Bibliography, etc |
ბიბლიოგრაფია : გვ. 485-524 |
| 653 ## - INDEX TERM--UNCONTROLLED |
| Uncontrolled term |
საქართველოს ისტორია |
| 653 ## - INDEX TERM--UNCONTROLLED |
| Uncontrolled term |
საქართველოს ისტორია -- სახელმძღვანელოები უმაღლესი სასწავლებლებისათვის |
| 653 ## - INDEX TERM--UNCONTROLLED |
| Uncontrolled term |
საქართველოს ისტორია ტ1 |
| 700 ## - ADDED ENTRY--PERSONAL NAME |
| Personal name |
შოშიაშვილი, ნოდარ |
| Relator term |
ტომის რედაქტორი |
| 9 (RLIN) |
17969 |
| 942 ## - ADDED ENTRY ELEMENTS (KOHA) |
| Koha item type |
წიგნი |
| Source of classification or shelving scheme |
|